000 00600nam a2200265Ia 4500
005 20260306163650.0
008 008 260114s9999 xx 000 0 eng d
020 _a9780824873011
037 _aEBOOK
040 _aCRL
040 _beng
040 _cCRL
041 _2eng
041 _aeng
084 _qCRL
100 _aAdmussen
_91129109
245 0 _aRecite And Refuse
260 _bUniversity of Hawaii Press
260 _c2017
650 _aSocial Work
856 _uhttps://academic.oup.com/book/21534
942 _cEBOOK
999 _c1711003
_d1711003